000 01339nam0a2200337 4500
001 RU\NLR\bibl\1491167
005 20260405154249.0
010 _a978-5-91208-067-8
_93000
035 _a(NLR Aleph) 001482732
090 _a1713795
_c1713795
100 _a20100212d2009 |||y0rusy50 ca
101 0 _arus
102 _aRU
105 _aa |||||||||
200 1 _aЛестница в небо
_eпояснения к таинствам крещения и причастия
_fпротоиер. Кирилл Копейкин
210 _aСанкт-Петербург
_cАрка
_d2009
215 _a133, [2] с.
_cцв. ил.
_d23
300 _a200-летию Санкт-Петербургской духов. акад. посвящается
320 _aБиблиогр. в подстроч. примеч.
606 1 _aКрещение
_91383695
_3RU\NLR\auth\66580982
606 1 _aПричащение
_91962553
_3RU\NLR\auth\66898513
686 _aЭ372.24-503.261
686 _aЭ372.24-503.264
700 1 _4070
_7ca
_8rus
_aКопейкин
_bК. В.
_f1959-
_gКирилл Владимирович
_948144
_3RU\NLR\auth\7765215
801 0 _aRU
_bNLR
_c20100212
_gRCR
801 1 _aRU
_bNLR
_c20100212
942 _cBOOK
980 _aNB